| 000 | 00412nam a22001451 4500 | ||
|---|---|---|---|
| 040 | _cDLC | ||
| 082 | 0 | 0 | _a671PRE 1971 A105 Or. |
| 100 | 1 | _aChapellier, Étienne. | |
| 245 | 1 | 3 |
_aLe soudage _bappliqué à la réparation, |
| 260 |
_a[Paris] _bPresses universitaires de France _c[1971] |
||
| 300 |
_a287 p. _billus. _c21 cm. |
||
| 490 | 0 | _aTechniques vivantes. Section Mécanique | |
| 650 | 0 | _aWelding. | |
| 942 | _cEK | ||
| 999 |
_c16218 _d16218 |
||